000 01840cam a22004694i 4500
003 PE-LiUPU
005 20250731180115.0
008 150623s r 000 0 d
035 _a(Sirsi) a24629
040 _aPE-LiUPU
_bspa
_cPE-LiUPU
_erda
082 0 4 _a538.72
_bS83
_221
100 1 _aStrangway, David W.,
_eautor.
245 1 0 _aHistory of the earth's magnetic field /
_cDavid W. Strangway.
264 1 _aNew York, NY :
_bMcGraw-Hill Book Company,
_c1970.
300 _a168 páginas :
_bilustraciones, gráficos, fotos ;
_c21 cm.
336 _atext
_2rdacontent
337 _aunmediated
_2rdamedia
338 _avolume
_2rdacarrier
505 0 _aThe physics of magnetism and magnetic minerals. -The magnetic properties of minerals. -magnetizacion in rocks. -The present magnetic field of the earth and its recorded history. -data analysis and tests of stability of magnetization. -Paleointensity. -Archaeomagnetism: the last 2000 years. -reversals of the earth's magnetic field. -paleomagnetism: the dipole hypothesis, polar wandering, and continental drift.
526 _aSEG44
526 _aSEG26
526 _aP159
526 _aP155
526 _aP154
526 _aP153
526 _aP150
526 _aP100
526 _aP31
526 _aP30
526 _aP26
526 _aP25
526 _aP24
526 _aP22
526 _aP15
526 _aP10
650 0 4 _aPaleomagnetismo.
942 _2ddc
_cBOOK
949 _a538.72 S83
_wDEWEY
_c1
_i48996
_lCCODEBUL1
_mBUL
_p00.00
_r0
_sY
_tBOOK
_u2015-06-24
_xEDUCACION
_zUNKNOWN
_0COMPRA
_o.STAFF. Colección General
596 _a1
999 _a538.72 S83
_wDEWEY
_c28130
_i48996
_f2021-11-5
_g5
_lCCODEBUL1
_mBUL
_r0
_sN
_tBOOK
_u2015-6-24
_xBIBLIOTECA
_zUNKNOWN
_0COMPRA
_o.STAFF. Colección General
_d28130
980 _81
_gALBERTO SANCHEZ Responsable de Automatización